NRL Finals Teams 2021 - Statistics

General Stats
  • This quiz has been taken 114 times
  • The average score is 6 of 8
Answer Stats
Hint Answer % Correct
1. Melbourne Storm
93%
2. Penrith Panthers
90%
5. Sydney Roosters
78%
3. South Sydney Rabbitohs
76%
6. Parramatta Eels
74%
8. Gold Coast Titans
55%
4. Manly Sea Eagles
51%
7. Newcastle Knights
51%
No matching quizzes found
Score Distribution
Percent of People with Each Score
Percentile by Number Answered
Your Score History
You have not taken this quiz